Statistiche per Derby nel calcio Inglese

Clicka qui per fare il quiz!

Statistiche generali

  • Questo quiz è stato fatto 134 volte
  • Il punteggio medio è 11 su 30

Statistiche sulle risposte

DERBYSQUADRE% Corretto
Derby di ManchesterManchester City
93%
Manchester United
91%
Derby d'InghilterraLiverpool
80%
Manchester United
73%
Big Ben DerbyArsenal
72%
Chelsea
69%
Derby di NottinghamNottingham Forest
66%
North London DerbyArsenal
57%
Tottenham
56%
Derby di BristolBristol City
52%
Steel City Derby
Derby di Sheffield
Sheffield United
50%
West London DerbyChelsea
46%
Merseyside DerbyEverton
42%
Liverpool
42%
East London DerbyWest Ham
34%
West London DerbyChelsea
29%
Sheffield Wednesday
27%
Derby di BirminghamAston Villa
25%
Birmingham City
20%
Fulham
19%
Millwall
10%
Tyne-Wear DerbyNewcastle United
10%
Notts County
10%
Fulham
7%
Brentford
5%
West London DerbyBrentford
5%
Rovers
5%
Sunderland
5%
East Lancashire DerbyBlackburn Rovers
1%
Burnley
0%

Distribuzione punteggi

Percentile per numero di risposta

Percentuale di utenti per punteggio

I tuoi punteggi nel tempo

Non hai fatto questo quiz